| 000 | 00395nam a2200157Ia 4500 | ||
|---|---|---|---|
| 008 | 210716s1993 xx 000 0 und d | ||
| 020 | _a8170291283 | ||
| 041 | _aeng | ||
| 082 | _a005.268 COWR | ||
| 100 | _aCowart, Robert. | ||
| 245 | _aMastering windows 3.1. | ||
| 250 | _a1 | ||
| 260 |
_aNew Delhi _bBPB Publications _c1993 |
||
| 300 | _axxxvii,964 | ||
| 650 | _aMicrosoft Windows(005.269) | ||
| 999 |
_c182790 _d182790 |
||